Artistas mexicanos más escuchados en Spotify - Estadísticas

Estadísticas generales
  • Esta prueba ha sido intentada 46 veces
  • La puntuación promedio es 4 de 14
Estadísticas de respuestas
Oyentes mensuales (millones) Artista % Correcto
47,5M Peso Pluma
81%
17,3M Luis Miguel
49%
15,2M Alejandro Fernández
35%
22,3M Christian Nodal
35%
8,3M Danna Paola
35%
10,5M Juan Gabriel
35%
11,6M Vicente Fernández
35%
18,4M Maná
30%
9,5M Thalia
24%
11,1M Belinda
16%
18,6M Julieta Venegas
16%
12,1M Natalia Lafourcade
14%
11,2M Marco Antonio Solís
5%
13,7M Santana
0%
No se encontraron pruebas coincidentes
Distribución de puntuación
Porcentaje de gente con cada puntuación
Porcentaje por número respondido
Historial de tus puntuaciones
No has intentado esta prueba.